Física general / (Record no. 37130)

MARC details
000 -LEADER
campo de control de longitud fija 00572nam a2200169 i 4500
001 - NÚMERO DE CONTROL
campo de control 37130
003 - IDENTIFICADOR DE NÚMERO DE CONTROL
campo de control ES-MaACL
007 - CAMPO FIJO DE DESCRIPCIÓN FÍSICA--INFORMACIÓN GENERAL
campo de control de longitud fija t|
008 - DATOS DE LONGITUD FIJA--INFORMACIÓN GENERAL
campo de control de longitud fija 030220s1961 sp ||||1| spa d
100 1# - ENTRADA PRINCIPAL--NOMBRE DE PERSONA
Nombre de persona Burbano de Ercilla, Santiago.
9 (RLIN) 32575
245 10 - MENCIÓN DEL TÍTULO
Título Física general /
Mención de responsabilidad, etc. Santiago Burbano de Ercilla ; problemas resueltos por Gabriel Díaz de Villegas Blasco.
250 ## - MENCION DE EDICION
Mención de edición 3ª ed.
260 ## - PUBLICACIÓN, DISTRIBUCIÓN, ETC.
Lugar de publicación, distribución, etc. Zaragoza :
Nombre del editor, distribuidor, etc. [s.n.,
Fecha de publicación, distribución, etc. 1961] (
Fabricante Librería General)
300 ## - DESCRIPCIÓN FÍSICA
Extensión 336 p. :
Otras características físicas il. ;
Dimensiones 21 cm.
700 1# - ENTRADA AGREGADA--NOMBRE PERSONAL
Nombre de persona Díaz de Villegas Blasco, Gabriel.
9 (RLIN) 44254
852 ## - LOCALIZACIÓN
Ubicación ES-MaACL
Número de control de estantería E-2407
Sublocalización o colección R.47701
Holdings
Estatus retirado Estado de pérdida Estado de daño No para préstamo Biblioteca de origen Biblioteca actual Ubicación en estantería Fecha de adquisición Fuente de adquisición Total de préstamos Signatura topográfica completa Código de barras Visto por última vez Precio de reemplazo Tipo de ítem Koha
        Biblioteca del Ateneo de Madrid Biblioteca del Ateneo de Madrid Depósito 2 17/01/2008     E-2407 1039065 23/02/2023 23/02/2023 Libro impreso